Kunst und antikunst: 24 literarische analysen
Gardado en:
| Autor Principal: | |
|---|---|
| Formato: | Libro |
| Idioma: | alemán |
| Publicado: |
Frankfurt am Main
Fischer Taschenbuch
1991
|
| Edición: | 1a. ed |
| Subjects: | |
| Tags: |
Engadir etiqueta
Sen Etiquetas, Sexa o primeiro en etiquetar este rexistro!
|
MARC
| LEADER | 00000cam a2200000 a 4500 | ||
|---|---|---|---|
| 001 | UCD4035 | ||
| 003 | CL-VaPUC | ||
| 008 | 160623e19910000gw |||||||||||||||||ger|d | ||
| 020 | |a 3596264847 | ||
| 082 | 0 | 4 | |a 701 |b SON |2 21 |
| 100 | 0 | |a Sontag, Susan |e author |9 587663 | |
| 245 | 1 | 0 | |a Kunst und antikunst: 24 literarische analysen |
| 250 | |a 1a. ed | ||
| 300 | |a 374 p | ||
| 942 | |c BK | ||
| 945 | |d 20160623 20:48:00 |a arojas | ||
| 260 | |a Frankfurt am Main |b Fischer Taschenbuch |c 1991 | ||
| 650 | 0 | |a Arte |y Siglo 20 |9 267709 | |
| 650 | 7 | |a ENSAYOS LITERARIOS |2 CL-VaPUC |9 346201 | |
| 650 | 7 | |a LITERATURA MODERNA |2 CL-VaPUC |9 266691 | |
| 583 | |a last modification |c 20160623 20:48:00 |k Rodrigo Vera | ||
| 999 | |c 365008 |d 365006 | ||
| 952 | |0 0 |1 0 |3 erb |4 0 |6 701_000000000000000_SON_1991 |7 0 |8 A |9 478700 |a FDOHBE |b FDOHBE |e Huesbe Llanos, Marco Antonio, 1934- |i 5309913 |o 701 SON 1991 |p 5309913 |r 2024-01-30 |w 2019-11-24 |y BK |z Catalogado en:20160623 |k HBE | ||